| 000 -LEADER |
| fixed length control field |
01137cam a2200337 i 4500 |
| 001 - CONTROL NUMBER |
| control field |
17912049 |
| 005 - DATE AND TIME OF LATEST TRANSACTION |
| control field |
20200907140448.0 |
| 008 - FIXED-LENGTH DATA ELEMENTS--GENERAL INFORMATION |
| fixed length control field |
131021s2019 maua 001 0 eng |
| 010 ## - LIBRARY OF CONGRESS CONTROL NUMBER |
| LC control number |
2013040834 |
| 020 ## - INTERNATIONAL STANDARD BOOK NUMBER |
| International Standard Book Number |
9780321919007 |
| 020 ## - INTERNATIONAL STANDARD BOOK NUMBER |
| International Standard Book Number |
9781292260853 |
| 040 ## - CATALOGING SOURCE |
| Original cataloging agency |
DLC |
| Language of cataloging |
eng |
| Transcribing agency |
DLC |
| Description conventions |
rda |
| Modifying agency |
DLC |
| 041 ## - LANGUAGE CODE |
| Language code of text/sound track or separate title |
eng |
| 042 ## - AUTHENTICATION CODE |
| Authentication code |
pcc |
| 050 00 - LIBRARY OF CONGRESS CALL NUMBER |
| Classification number |
QP34.5 |
| Item number |
.M455 2015 |
| 080 ## - UNIVERSAL DECIMAL CLASSIFICATION NUMBER |
| Universal Decimal Classification number |
611+612 M-30 |
| 100 1# - MAIN ENTRY--PERSONAL NAME |
| Personal name |
Marieb, Elaine Nicpon, |
| Dates associated with a name |
1936- |
| 9 (RLIN) |
7403 |
| 245 10 - TITLE STATEMENT |
| Title |
Human Anatomy & Physiology / |
| Statement of responsibility, etc. |
Elaine N. Marieb, Katja Hoehn. |
| 250 ## - EDITION STATEMENT |
| Edition statement |
Eleventh edition. |
| 264 #1 - PRODUCTION, PUBLICATION, DISTRIBUTION, MANUFACTURE, AND COPYRIGHT NOTICE |
| Place of production, publication, distribution, manufacture |
Boston : |
| Name of producer, publisher, distributor, manufacturer |
Pearson, |
| Date of production, publication, distribution, manufacture, or copyright notice |
[2019] |
| 300 ## - PHYSICAL DESCRIPTION |
| Extent |
632 pages : |
| Other physical details |
color illustrations ; |
| Dimensions |
29 cm. |
| 500 ## - GENERAL NOTE |
| General note |
Includes index. |
| 650 #0 - SUBJECT ADDED ENTRY--TOPICAL TERM |
| Topical term or geographic name entry element |
Human physiology. |
| 9 (RLIN) |
9414 |
| 650 #0 - SUBJECT ADDED ENTRY--TOPICAL TERM |
| Topical term or geographic name entry element |
Human anatomy. |
| 9 (RLIN) |
9415 |
| 653 ## - INDEX TERM--UNCONTROLLED |
| keyword |
ადამიანის ანატომია |
| 653 ## - INDEX TERM--UNCONTROLLED |
| keyword |
ფიზიოლოგია |
| 700 ## - ADDED ENTRY--PERSONAL NAME |
| Personal name |
Hoehn, Katja |
| Relator term |
ავტორი |
| 9 (RLIN) |
9416 |
| 906 ## - LOCAL DATA ELEMENT F, LDF (RLIN) |
| a |
7 |
| b |
cbc |
| c |
orignew |
| d |
1 |
| e |
ecip |
| f |
20 |
| g |
y-gencatlg |
| 942 ## - ADDED ENTRY ELEMENTS (KOHA) |
| Source of classification or shelving scheme |
|
| Koha item type |
წიგნი |